Statistics for Arsenal FC Squad 2017-2018

Click here to take the quiz!

General Stats

  • This quiz has been taken 1,287 times
  • The average score is 22 of 28

Answer Stats

Nbr Post Nationality Player % Correct
7FWChileAlexis Sanchez
97%
11MFGermanyMesut Ozil
96%
8MFWalesAaron Ramsey
95%
33GKCzech RepublicPetr Cech
94%
13GKColombiaDavid Ospina
91%
29MFSwitzerlandGranit Xhaka
90%
17FWNigeriaAlex Iwobi
90%
-CoachFranceArsène Wenger
90%
12FWFranceOlivier Giroud
89%
9FWFranceAlexandre Lacazette
89%
6DFFranceLaurent Koscielny
89%
35MFEgyptMohamed Elneny
87%
20DFGermanyShkodran Mustafi
87%
18DFSpainNacho Monreal
86%
24DFSpainHector Bellerin
86%
4DFGermanyPer Mertesacker
85%
10MFEnglandJack Wilshere
82%
23FWEnglandDanny Welbeck
81%
19MFSpainSanti Cazorla
80%
14FWEnglandTheo Walcott
79%
31DFBosniaSead Kolasinac
78%
16DFEnglandRob Holding
73%
21DFEnglandCalum Chambers
69%
2DFFranceMathieu Debuchy
67%
34MFFranceFrancis Coquelin
61%
30MFEnglandAinsley Maitland-Niles
46%
32FWEnglandChuba Akpom
30%
22MFFranceJeff Reine-Adelaide
29%

Score Distribution

Percentile by Number Answered

Percent of People with Each Score

Your Score History

You have not taken this quiz